<?xml version="1.0" encoding="UTF-8"?>
<record
    xmlns:xsi="http://www.w3.org/2001/XMLSchema-instance"
    xsi:schemaLocation="http://www.loc.gov/MARC21/slim http://www.loc.gov/standards/marcxml/schema/MARC21slim.xsd"
    xmlns="http://www.loc.gov/MARC21/slim">

  <leader>00792nam a2200241 a 4500</leader>
  <controlfield tag="005">20240524071311.0</controlfield>
  <controlfield tag="008">220310s2021    vm                  vie d</controlfield>
  <datafield tag="020" ind1=" " ind2=" ">
    <subfield code="a">9786043350005</subfield>
  </datafield>
  <datafield tag="040" ind1=" " ind2=" ">
    <subfield code="a">DLC</subfield>
    <subfield code="b">vie</subfield>
    <subfield code="e">AACR2</subfield>
  </datafield>
  <datafield tag="041" ind1="0" ind2=" ">
    <subfield code="a">vie</subfield>
  </datafield>
  <datafield tag="082" ind1="0" ind2=" ">
    <subfield code="a">133.335</subfield>
  </datafield>
  <datafield tag="100" ind1="1" ind2=" ">
    <subfield code="a">Phillips, David A</subfield>
  </datafield>
  <datafield tag="245" ind1="1" ind2="0">
    <subfield code="a">Thay &#x111;&#x1ED5;i cu&#x1ED9;c s&#x1ED1;ng v&#x1EDB;i nh&#xE2;n s&#x1ED1; h&#x1ECD;c</subfield>
    <subfield code="b">: The complete book of numerology</subfield>
    <subfield code="c">/ David A. Phillips; L&#xEA; &#x110;&#x1ED7; Qu&#x1EF3;nh H&#x1B0;&#x1A1;ng d&#x1ECB;ch</subfield>
  </datafield>
  <datafield tag="246" ind1="1" ind2="1">
    <subfield code="a">The complete book of numerology</subfield>
  </datafield>
  <datafield tag="250" ind1=" " ind2=" ">
    <subfield code="a">T&#xE1;i b&#x1EA3;n l&#x1EA7;n 5</subfield>
  </datafield>
  <datafield tag="260" ind1=" " ind2=" ">
    <subfield code="a">TP. H&#x1ED3; Ch&#xED; Minh</subfield>
    <subfield code="b">: T&#x1ED5;ng h&#x1EE3;p TP. H&#x1ED3; Ch&#xED; Minh</subfield>
    <subfield code="c">, 2021</subfield>
  </datafield>
  <datafield tag="300" ind1=" " ind2=" ">
    <subfield code="a">415 tr. </subfield>
    <subfield code="c">; 21 cm</subfield>
  </datafield>
  <datafield tag="653" ind1=" " ind2="0">
    <subfield code="a">Numerology</subfield>
  </datafield>
  <datafield tag="653" ind1=" " ind2="4">
    <subfield code="a">Nh&#xE2;n s&#x1ED1; h&#x1ECD;c</subfield>
    <subfield code="a">B&#xF3;i to&#xE1;n</subfield>
  </datafield>
  <datafield tag="653" ind1=" " ind2="0">
    <subfield code="a">Fortune-telling</subfield>
  </datafield>
  <datafield tag="700" ind1="1" ind2=" ">
    <subfield code="a">L&#xEA;, &#x110;&#x1ED7; Qu&#x1EF3;nh H&#x1B0;&#x1A1;ng</subfield>
  </datafield>
  <datafield tag="942" ind1=" " ind2=" ">
    <subfield code="2">ddc</subfield>
    <subfield code="c">BK</subfield>
  </datafield>
  <datafield tag="952" ind1=" " ind2=" ">
    <subfield code="0">0</subfield>
    <subfield code="1">0</subfield>
    <subfield code="2">ddc</subfield>
    <subfield code="4">0</subfield>
    <subfield code="7">0</subfield>
    <subfield code="a">K12_01</subfield>
    <subfield code="b">K12_01</subfield>
    <subfield code="d">2024-05-09</subfield>
    <subfield code="l">0</subfield>
    <subfield code="o">133.335</subfield>
    <subfield code="p">DL00000010</subfield>
    <subfield code="r">2024-05-09 05:01:05</subfield>
    <subfield code="t">1</subfield>
    <subfield code="w">2024-05-09</subfield>
    <subfield code="y">SGK</subfield>
  </datafield>
  <datafield tag="999" ind1=" " ind2=" ">
    <subfield code="c">11</subfield>
    <subfield code="d">11</subfield>
  </datafield>
</record>
